Földrajz 10. talajok érzékenysége /

Elmentve itt :
Bibliográfiai részletek
Szerző: Szilassi Péter
Dokumentumtípus: Videó
Megjelent: 2019-07-15
Kulcsszavak:talajtan
földtan
Tárgyszavak:
Online Access:http://eta.bibl.u-szeged.hu/3217
LEADER 01085ngm a2200253 i 4500
001 eta3217
005 20260305145938.0
008 220607s2019 hu o 000 hun d
040 |a SZTE Elektronikus Tananyag Archívum  |b hun 
041 |a hun 
100 1 |a Szilassi Péter 
245 1 0 |a Földrajz 10.   |h [elektronikus dokumentum] :  |b talajok érzékenysége /  |c  Szilassi Péter 
260 |c 2019-07-15 
516 |a Video 
650 4 |a Természettudományok 
650 4 |a Föld- és kapcsolódó környezettudományok 
650 4 |a Mezőgazdaság-tudományok 
650 4 |a Mezőgazdaság, erdészet, halászat 
695 |a talajtan 
695 |a földtan 
856 4 0 |u https://eta.bibl.u-szeged.hu/3217/1/F%C3%B6ldrajz%2010%20-%20Talajok%20%C3%A9rz%C3%A9kenys%C3%A9ge.mp4  |z Dokumentum-elérés  
856 4 0 |u https://eta.bibl.u-szeged.hu/3217/2/F%C3%B6ldrajz_10_Talajok%20%C3%A9rz%C3%A9kenys%C3%A9ge.pdf  |z Dokumentum-elérés  
856 4 0 |u https://eta.bibl.u-szeged.hu/3217/8/felirat.vtt  |z Dokumentum-elérés  
856 4 0 |u https://eta.bibl.u-szeged.hu/3217/9/felirat.html  |z Dokumentum-elérés